000 00909nam a22002535a 4500
003 OSt
005 20180106133910.0
008 180106s2005 su grb 000 0 ara d
017 _a1425 / 7350
020 _a996047089X
040 _aEG-ScBUE
_bara
_cEG-ScBUE
082 0 4 _a297.272
_bج هـ ن
_222
100 1 _aجهني، عيد مسعود.
245 1 2 _aالبطانة الصالحة :
_bرؤية إسلامية /
_cعيد بن مسعود الجهني.
250 _aط. 1.
260 _aالرياض :
_bمركز الخليج العربي للطاقة والدراسات الاستراتيجية،
_c2005.
300 _a208 ص. ؛
_c24 سم.
504 _aيشتمل على قائمة ببليوجرافية.
650 7 _aنظام الحكم في الإسلام.
_2BUEsh
650 7 _aالوعظ والإرشاد.
_2BUEsh
651 _2BUEsh
653 _bGGEN
_bBUSBOL
_cJanuary2018
942 _2ddc
999 _c25880
_d25852